| 000 | 00920nas a2200277 4500 | ||
|---|---|---|---|
| 001 | BR9202805 | ||
| 003 | BR-BrBNA | ||
| 005 | 20231205092546.0 | ||
| 007 | ta | ||
| 008 | 230509b bl.|||p| |||| 00| 00por d | ||
| 040 |
_aBR-BrBNA _bpor _cBiblioteca Nacional de Agricultura |
||
| 041 | _a(Pt) | ||
| 072 | _aF03 | ||
| 100 | 1 | _aCaliari, M.F. | |
| 100 | 1 | _aMarcos Filho, J. | |
| 245 | 1 | _aComparacao entre metodos para avaliacao da qualidade fisiologica de sementes de ervilha (Pisum sativum L.) | |
| 246 | 1 | _aThe physiological quality of pea (Pisum sativum L.)seed lots as evaluated by different procedures | |
| 650 | _aERVILHA | ||
| 650 | _aSEMENTE | ||
| 650 | _aGERMINACAO | ||
| 650 | _aTESTE DE VIGOR | ||
| 650 | _aEMERGENCIA | ||
| 773 | 0 |
_tRevista Brasileira de Sementes (Brazil) _xISSN 0101-3122 _g(1990), v. 12(3) p. 52-75 _wBR9202805 |
|
| 909 |
_a202311 _bLúcia _c55 _dLúcia Elande |
||
| 942 |
_2AGRIS _n0 _cANA |
||
| 999 |
_c132508 _d132508 |
||